Elements by Letter - N - Statistics

General Stats
  • This quiz has been taken 170 times
  • The average score is 6 of 8
Answer Stats
Elements % Correct
Neon
92%
Nickel
92%
Nitrogen
89%
Neptunium
77%
Nobelium
73%
Nihonium
63%
Niobium
63%
Neodymium
62%
No matching quizzes found
Score Distribution
Percent of People with Each Score
Percentile by Number Answered
Your Score History
You have not taken this quiz